[Event "America-Europe"]
[Site "Mar del Plata"]
[Date "1981.??.??"]
[Round "4"]
[White "Portisch, Lajos"]
[Black "Browne, Walter S"]
[Result "1/2-1/2"]
[WhiteElo "2650"]
[BlackElo "2555"]

1.d4 Nf6 2.c4 e6 3.Nf3 b6 4.e3 Bb7 5.Bd3 Be7 6.O-O O-O 7.b3 c5 8.Bb2 cxd4
9.exd4 d5 10.Qe2 Nc6 11.Nbd2 Rc8 12.Rac1 Re8 13.Rfd1 Bf8 14.Nf1 g6 15.Ne3 Bg7
16.Bb1 Qe7 17.a3 Na5 18.Ba2 Ba6 19.Qe1 Nc6 20.Rc2 Rc7 21.Qd2 Rec8 22.Qc1 Qd8
23.c5 Bb5 24.Qa1 Ne4 25.Nd2 Be2 26.Rdc1 Bd3 27.b4 Bxc2 28.Rxc2 Nxd2 29.Rxd2 b5
30.Bc3 Ra8 31.Qb1 Rb7 32.Bb3 a5 33.Bd1 axb4 34.axb4 Rba7 35.g3 Ra3 36.Qc1 Qf6
37.Ng4 Qf5 38.Kg2 h5 39.Ne3 Qe4+ 40.Bf3 Rxc3 41.Qxc3 Bxd4 42.Qb3 Qe5 43.Nxd5 exd5
44.Qxd5 Ra1 45.Qxe5 Ra2 46.Bd5 Bc3 47.Rc2 Bxb4 48.Bxc6  1/2-1/2

[Event "America-Europe"]
[Site "Mar del Plata"]
[Date "1981.??.??"]
[Round "5"]
[White "Quinteros, Miguel A"]
[Black "Portisch, Lajos"]
[Result "0-1"]
[WhiteElo "2505"]
[BlackElo "2650"]

1.c4 c5 2.Nc3 Nf6 3.g3 d5 4.cxd5 Nxd5 5.Bg2 Nc7 6.Qb3 Nc6 7.Bxc6+ bxc6 8.Qa4 Qd7
9.Nf3 f6 10.d3 e5 11.O-O Ne6 12.Be3 Rb8 13.Rab1 Be7 14.Rfc1 O-O 15.Ne4 Rb5
16.Qc4 Kh8 17.a4 Rb4 18.Qc2 c4 19.dxc4 c5 20.Rd1 Nd4 21.Bxd4 exd4 22.b3 Qh3
23.Qd2 Bb7 24.Qd3 a6 25.Ned2 Rb6 26.Re1 Rd8 27.Nh4 g6 28.f3 Re6 29.Ng2 Bd6
30.Ne4 Bxe4 31.fxe4 Qg4 32.e3 Rxe4 33.exd4 Rxd4 34.Qe2 Qxe2 35.Rxe2 Be5 36.Ne3 Re4
37.Kf1 Rd3 38.Nc2 Rf3+ 39.Rf2 Rc3 40.Rd2 h5 41.Ne1 h4 42.Rbd1 hxg3 43.hxg3 Rxg3
44.Rh2+ Kg8 45.Rd8+ Kf7 46.Nd3 Bd4  0-1

[Event "America-Europe"]
[Site "Mar del Plata"]
[Date "1981.??.??"]
[Round "6"]
[White "Larsen, Bent"]
[Black "Browne, Walter S"]
[Result "0-1"]
[WhiteElo "2610"]
[BlackElo "2555"]

1.d4 Nf6 2.Nf3 e6 3.Bf4 b6 4.e3 Bb7 5.Bd3 Be7 6.O-O Nh5 7.Nbd2 O-O 8.a4 a5
9.h3 Nxf4 10.exf4 c5 11.c3 Nc6 12.dxc5 bxc5 13.f5 exf5 14.Bxf5 d5 15.Re1 Bf6
16.Qc2 g6 17.Bd3 Rb8 18.Rad1 Qc7 19.Nf1 Nd8 20.Ne3 Ne6 21.Bf1 Rfd8 22.Ng4 Bg7
23.Nge5 c4 24.b3 cxb3 25.Qxb3 Nc5 26.Qa3 Ne4 27.Ng4 h5 28.Ne3 Nxc3 29.Rd3 Rbc8
30.Nd4 Ba6 31.Rd2 Bxf1 32.Nxf1 Qb6 33.Nf3 Nb1 34.Qe7 Nxd2 35.N1xd2 Bf6 36.Qe2 Re8
37.Qxe8+ Rxe8 38.Rxe8+ Kg7 39.Nf1 Qc6 40.Re1 Qxa4 41.Ne3 Bc3 42.Rb1 d4 43.Nd5 Qa2  0-1